| 000 | 00451nam a22001697a 4500 | ||
|---|---|---|---|
| 999 |
_c31759 _d31756 |
||
| 003 | OSt | ||
| 005 | 20190725094635.0 | ||
| 008 | 190725b ||||| |||| 00| 0 eng d | ||
| 020 | _a9788175980754 | ||
| 040 |
_aMMU _beng _cMMU _dMMU |
||
| 050 | _aKNS2119 .A312I53 2005 | ||
| 245 | _aThe right to information act 2005 / | ||
| 260 |
_aMumbai : _bSterling Book House, _c2005 |
||
| 300 | _a112 p.: | ||
| 650 | _aRight to information | ||
| 942 |
_2lcc _cSPECIAL |
||